| 000 | 00561nam a22001937a 4500 | ||
|---|---|---|---|
| 005 | 20150921073420.0 | ||
| 008 | 050915s2006 nju b 001 0 eng | ||
| 020 | _a0131865919 | ||
| 024 | 0 | _ceng | |
| 080 | _a339.138 | ||
| 100 | 1 |
_aArmstrong, Gary _q(Gary M.) |
|
| 245 | 1 | 0 |
_aMarketing : _cGary Armstrong & Philip Kotler. |
| 250 | _a8th ed. | ||
| 260 |
_aUpper Saddle River, N.J. : _bPearson Prentice Hall, _c2006. |
||
| 300 |
_ap. cm. _bme il.; _c28 cm, _e+ Guidebook |
||
| 650 | 0 | _aMarketingu | |
| 700 | 1 | _aKotler, Philip. | |
| 942 |
_2udc _cBK |
||
| 999 |
_c505 _d505 |
||